000 00390pab a2200157 454500
008 180718b2005 xxu||||| |||| 00| 0 eng d
100 _aLal, Vinay
245 _aWitch hunts in the academy
260 _c2005
300 _ap.1932-934.
362 _a7 May
650 _aUniversities - United States
650 _aUniversities
773 _aEconomic and Political Weekly
909 _a65059
999 _c65059
_d65059